The art of public speaking (Record no. 9461)

MARC details
000 -LEADER
fixed length control field 00392nam a22001457a 4500
008 - FIXED-LENGTH DATA ELEMENTS--GENERAL INFORMATION
fixed length control field 230405b |||||||| |||| 00| 0 eng d
020 ## - INTERNATIONAL STANDARD BOOK NUMBER
International Standard Book Number 978-93-86348-42-5
082 ## - DEWEY DECIMAL CLASSIFICATION NUMBER
Classification number 808.51
100 ## - MAIN ENTRY--PERSONAL NAME
Personal name Dale Carnegie with J. Berg Esenwein
245 ## - TITLE STATEMENT
Title The art of public speaking
260 ## - PUBLICATION, DISTRIBUTION, ETC.
Name of publisher, distributor, etc. Jaico Publishing House,
Date of publication, distribution, etc. 2017
300 ## - PHYSICAL DESCRIPTION
Extent 345 p.
Dimensions 22 cm
942 ## - Added entry Elements (Koha)
Source of classification or shelving scheme Dewey Decimal Classification
Holdings
Withdrawn status Lost status Source of classification or shelving scheme Damaged status Not for loan Collection code Home library Current library Shelving location Date acquired Serial Enumeration / chronology Total Checkouts Total Renewals Full call number Barcode Checked out Date last seen Date last checked out Price effective from Koha item type
    Dewey Decimal Classification     Popular Collection RTC Library RTC Library Popular Collection 05/04/2023 177306 7 5 808.51 CAR 30018657 12/05/2026 27/04/2026 27/04/2026 05/04/2023 Main
Royal Thimphu College || All Right Reserved